[Event "4NCL Division 3"]
[Site "Daventry Court ENG"]
[Date "2015.03.22"]
[Round "8.99"]
[White "Williamson, Kevin"]
[Black "Dydak, Mat"]
[Result "1-0"]
[WhiteElo "1970"]
[BlackElo "1874"]
[PlyCount "107"]
[EventDate "2015.03.22"]

1. Nc3 d5 2. e4 dxe4 3. Nxe4 Nf6 4. Nxf6+ exf6 5. Bc4 Bd6 6. Ne2 O-O 7. O-O Bg4
8. f3 Bh5 9. d4 Bg6 10. c3 c6 11. Bf4 Qc7 12. Qd2 Nd7 13. Bxd6 Qxd6 14. Qf4 Qe7
15. Rfe1 Qd8 16. Qd6 Nb6 17. Qxd8 Raxd8 18. Bb3 a5 19. Nf4 Rfe8 20. Nxg6 hxg6
21. a4 Rxe1+ 22. Rxe1 Kf8 23. Kf2 Nd5 24. Bxd5 Rxd5 25. Ke3 Ke7 26. Kd3+ Kd7
27. b4 Rh5 28. h3 b6 29. Rb1 Kc7 30. Re1 Kd7 31. f4 Kd8 32. Re3 Kd7 33. g4 Rh8
34. Kc4 Ra8 35. b5 Rc8 36. bxc6+ Kxc6 37. d5+ Kd6+ 38. Kd4 f5 39. c4 fxg4 40.
hxg4 Rh8 41. Rb3 Kc7 42. c5 bxc5+ 43. Kxc5 Rh1 44. d6+ Kd7 45. Rb7+ Ke6 46.
Re7+ Kf6 47. g5+ Kf5 48. Rxf7+ Ke6 49. Re7+ Kf5 50. d7 Rd1 51. Re5+ Kxf4 52.
Rd5 Rc1+ 53. Kd6 Rc8 54. dxc8=Q 1-0

[Event "4NCL Division 3"]
[Site "Daventry Court ENG"]
[Date "2015.03.22"]
[Round "8.189"]
[White "Staniforth, Matthew"]
[Black "Whiteside, Robert"]
[Result "0-1"]
[WhiteElo "1891"]
[BlackElo "1811"]
[PlyCount "38"]
[EventDate "2015.03.22"]
[WhiteTeam "West is Best 2"]
[BlackTeam "MK Phoenix 2"]

1. d4 Nf6 2. Nf3 e6 3. e3 c5 4. Bd3 Nc6 5. O-O Be7 6. Nbd2 O-O 7. c3 b6 8. e4
cxd4 9. cxd4 Nb4 10. Bb1 Ba6 11. Re1 Nd3 12. Re3 Nxf2 13. Qe1 N2g4 14. e5 Nd5
15. Re4 f5 16. Rxg4 fxg4 17. Qe4 g6 18. Qxg4 Nf4 19. Nb3 h5 0-1

[Event "4NCL Division 3"]
[Site "Daventry Court ENG"]
[Date "2015.03.22"]
[Round "8.99"]
[White "Matthews, Adrian"]
[Black "Parry, Matthew"]
[Result "0-1"]
[WhiteElo "1891"]
[BlackElo "1823"]
[PlyCount "116"]
[EventDate "2015.03.22"]

1. e4 Nf6 2. Nc3 d5 3. e5 d4 4. exf6 dxc3 5. fxg7 cxd2+ 6. Bxd2 Bxg7 7. Qh5 Qd4
8. Bc3 Qe4+ 9. Qe2 Bxc3+ 10. bxc3 Bf5 11. Qxe4 Bxe4 12. O-O-O Rg8 13. f3 Bc6
14. Ne2 Bb5 15. Nf4 Bxf1 16. Rhxf1 c6 17. Rf2 Nd7 18. Re2 e6 19. Nh5 Rg5 20.
Ng3 Rd5 21. Ne4 Rxd1+ 22. Kxd1 Ke7 23. f4 Nf6 24. Nxf6 Kxf6 25. Rd2 Ke7 26. Ke2
h5 27. Kf3 f5 28. Rd3 a5 29. Ke2 Rg8 30. Kf3 h4 31. Kf2 Rg4 32. g3 h3 33. c4 e5
34. Re3 e4 35. c5 Ke6 36. c4 Rg8 37. Rb3 Rd8 38. Ke3 Rd7 39. Rb2 Rd3+ 40. Ke2
Rc3 41. Kd2 Rxc4 42. Rxb7 Ra4 43. Rc7 Kd5 44. Rf7 Kd4 45. Rd7+ Kxc5 46. Rf7 Kd4
47. Rd7+ Kc4 48. Rd6 Rxa2+ 49. Ke3 Rxh2 50. Rxc6+ Kb4 51. Rb6+ Kc4 52. Rc6+ Kb3
53. Rf6 Rh1 54. Rb6+ Ka2 55. Rh6 a4 56. Kd4 a3 57. Kc3 e3 58. g4 e2 0-1

[Event "4NCL Division 3"]
[Site "Daventry Court ENG"]
[Date "2015.03.22"]
[Round "8.99"]
[White "Willmoth, Rob"]
[Black "Powell, Lloyd"]
[Result "1-0"]
[WhiteElo "2141"]
[BlackElo "2115"]
[PlyCount "89"]
[EventDate "2015.03.22"]

1. Nf3 g6 2. d4 Nf6 3. b3 Bg7 4. Bb2 d5 5. g3 O-O 6. Bg2 c5 7. e3 Nc6 8. O-O
Qb6 9. Nc3 cxd4 10. exd4 Rd8 11. h3 Bf5 12. Ne2 Be4 13. Qd2 Rac8 14. a3 a5 15.
Rfc1 a4 16. Qe3 Na5 17. Bc3 Nc6 18. Bf1 axb3 19. cxb3 Qxb3 20. Nd2 Qa4 21. g4
Na5 22. Bb4 b6 23. f3 Qd7 24. fxe4 Nxe4 25. Nxe4 dxe4 26. Qxe4 Rxc1 27. Rxc1
Nb3 28. Rd1 Nxd4 29. Nxd4 Bxd4+ 30. Kh1 e5 31. Bc4 Rc8 32. Qd5 Qxd5+ 33. Bxd5
Kg7 34. g5 Rc7 35. Kg2 Rc2+ 36. Rd2 Rc1 37. Be7 Rg1+ 38. Kh2 Ra1 39. Rc2 Bc5
40. Bf6+ Kf8 41. Ba2 Ke8 42. a4 Bd4 43. Kg2 Kd7 44. Bb3 Kd6 45. Ra2 1-0

[Event "4NCL Division 3"]
[Site "Daventry Court ENG"]
[Date "2015.03.22"]
[Round "8.197"]
[White "Klingher, Dominic"]
[Black "Miles, Richard"]
[Result "1/2-1/2"]
[WhiteElo "1836"]
[BlackElo "2002"]
[PlyCount "40"]
[EventDate "2015.03.22"]
[WhiteTeam "Barnet Knights 1"]
[BlackTeam "Spirit of Atticus B"]

1. f4 d5 2. Nf3 Nf6 3. e3 g6 4. b3 Bg7 5. Bb2 O-O 6. Be2 c5 7. O-O Nc6 8. Ne5
Nd7 9. Nxc6 bxc6 10. Bxg7 Kxg7 11. g4 e5 12. Qe1 f5 13. g5 Qe7 14. Qh4 exf4 15.
Qh6+ Kg8 16. Rxf4 Qg7 17. Qxg7+ Kxg7 18. Nc3 a5 19. h4 Ba6 20. Raf1 Bxe2
1/2-1/2

[Event "4NCL Division 3"]
[Site "Daventry Court ENG"]
[Date "2015.03.22"]
[Round "8.198"]
[White "Johnson, Michael D"]
[Black "Rocco, Federico"]
[Result "1-0"]
[WhiteElo "2029"]
[BlackElo "1671"]
[PlyCount "49"]
[EventDate "2015.03.22"]
[WhiteTeam "Spirit of Atticus B"]
[BlackTeam "Barnet Knights 1"]

1. Nf3 Nf6 2. g3 g6 3. Bg2 Bg7 4. O-O O-O 5. d4 d6 6. c4 c5 7. dxc5 dxc5 8. Nc3
Be6 9. Ng5 Nc6 10. Nxe6 fxe6 11. Bxc6 bxc6 12. Qxd8 Rfxd8 13. Na4 Nd7 14. Rb1
Rab8 15. b3 Bd4 16. Ba3 Bf6 17. Rbd1 Nb6 18. Nxc5 Kf7 19. Rd3 Bd4 20. Ne4 h6
21. Rfd1 c5 22. e3 Nd5 23. exd4 Nb4 24. Bxb4 cxb4 25. Nc5 1-0

[Event "4NCL Division 3"]
[Site "Daventry Court ENG"]
[Date "2015.03.22"]
[Round "8.99"]
[White "Karia, Rishul"]
[Black "Mort, Andrew J"]
[Result "1/2-1/2"]
[WhiteElo "1629"]
[BlackElo "1939"]
[PlyCount "66"]
[EventDate "2015.03.22"]

1. e4 g6 2. d4 Bg7 3. c3 d5 4. Bd3 dxe4 5. Bxe4 Nf6 6. Bd3 O-O 7. Ne2 c6 8. O-O
e5 9. dxe5 Ng4 10. f4 Qb6+ 11. Kh1 Nf2+ 12. Rxf2 Qxf2 13. Nd2 Na6 14. Ne4 Qb6
15. b4 Bf5 16. N2g3 Bxe4 17. Nxe4 Rad8 18. Qe2 Qc7 19. Be3 Rxd3 20. Qxd3 Rd8
21. Qe2 Qd7 22. Nf2 Qe7 23. Bxa7 Rd7 24. Ne4 Qd8 25. Nc5 Rd2 26. Nxb7 Qd5 27.
Qf1 f6 28. Bd4 Nxb4 29. exf6 Nc2 30. fxg7 Nxa1 31. Nc5 Rxa2 32. Nd3 Nc2 33. Bg1
Kxg7 1/2-1/2

[Event "4NCL Division 3"]
[Site "Daventry Court ENG"]
[Date "2015.03.22"]
[Round "8.200"]
[White "Connor, Stephen J"]
[Black "Pollack, Oscar"]
[Result "1/2-1/2"]
[WhiteElo "2002"]
[BlackElo "1775"]
[PlyCount "75"]
[EventDate "2015.03.22"]
[WhiteTeam "Spirit of Atticus B"]
[BlackTeam "Barnet Knights 1"]

1. Nf3 Nf6 2. g3 b5 3. Bg2 Bb7 4. O-O e6 5. d3 Be7 6. e4 d5 7. e5 Nfd7 8. d4 c5
9. c3 Nc6 10. Be3 Qb6 11. Nbd2 a6 12. Re1 O-O-O 13. a3 h5 14. h4 Kb8 15. Nb3 c4
16. Nc1 a5 17. Ne2 Rdf8 18. Nf4 a4 19. Qc2 Qd8 20. Nh3 Ka7 21. Nfg5 Qe8 22. f4
g6 23. Bf2 Bd8 24. Qe2 Ne7 25. Kh2 Nf5 26. Ng1 Nb6 27. N1f3 Nc8 28. Bh3 Nce7
29. Rg1 Ng8 30. Ne1 Ngh6 31. Nc2 Ng7 32. Rae1 Nhf5 33. Ne3 Nxe3 34. Bxe3 Nf5
35. Bf2 Bc8 36. Bg2 Bb7 37. Rgf1 Qd7 38. Bh3 1/2-1/2

[Event "4NCL Division 3"]
[Site "Daventry Court ENG"]
[Date "2015.03.22"]
[Round "8.205"]
[White "Cooper, Lawrence H"]
[Black "Wooldridge, Leon M"]
[Result "1-0"]
[WhiteElo "2330"]
[BlackElo "2065"]
[PlyCount "46"]
[EventDate "2015.03.22"]
[WhiteTeam "Midland Monarchs 1"]
[BlackTeam "KJCA Knights"]

1. e4 c5 2. Nf3 e6 3. c3 Nf6 4. e5 Nd5 5. d4 cxd4 6. cxd4 Nc6 7. Nc3 Nxc3 8.
bxc3 d5 9. exd6 Bxd6 10. Bd3 Qa5 11. Qc2 Bd7 12. O-O Rc8 13. Rb1 Qh5 14. Rb5 f5
15. Qe2 Nd8 16. Rxf5 g5 17. Rxg5 Qf7 18. Ne5 Bxe5 19. Qxe5 Rf8 20. Ba3 Rg8 21.
Rxg8+ Qxg8 22. Qf6 Nc6 23. Bxh7 Qf8 1-0

[Event "4NCL Division 3"]
[Site "Daventry Court ENG"]
[Date "2015.03.22"]
[Round "8.99"]
[White "Bansal, Rohan"]
[Black "Meszaros, Gyula"]
[Result "1-0"]
[WhiteElo "1945"]
[BlackElo "2274"]
[PlyCount "79"]
[EventDate "2015.03.22"]

1. d4 Nf6 2. c4 Nc6 3. Nc3 e5 4. d5 Ne7 5. e4 Ng6 6. f3 Bc5 7. Nge2 a5 8. Qc2
d6 9. Bd2 Bd7 10. O-O-O Qb8 11. g4 h6 12. h4 Bf2 13. h5 Ne7 14. Bh3 c6 15. g5
hxg5 16. Bxd7+ Kxd7 17. Bxg5 Nxh5 18. Rhf1 Qa7 19. dxc6+ bxc6 20. Na4 Bc5 21.
f4 f6 22. fxe5 fxe5 23. Qd3 Nf6 24. Bxf6 gxf6 25. Rxf6 Ke8 26. Nxc5 Qxc5 27.
Rxd6 Rh2 28. Rf6 Qa7 29. Qf3 Rh8 30. Qa3 Rb8 31. Ng3 Rf8 32. Nh5 Rxf6 33. Nxf6+
Kf7 34. Rf1 Kg7 35. Qg3+ Ng6 36. Nh5+ Kh8 37. Rh1 Qh7 38. Qg2 Qh6+ 39. Nf4 Nh4
40. Rxh4 1-0

[Event "4NCL Division 3"]
[Site "Daventry Court ENG"]
[Date "2015.03.22"]
[Round "8.207"]
[White "Manelidou, Maria"]
[Black "Green, Michael"]
[Result "1-0"]
[WhiteElo "2060"]
[BlackElo "1895"]
[PlyCount "55"]
[EventDate "2015.03.22"]
[WhiteTeam "Midland Monarchs 1"]
[BlackTeam "KJCA Knights"]

1. e4 e6 2. d4 d5 3. Nd2 Nf6 4. e5 Nfd7 5. Bd3 c5 6. c3 Nc6 7. Ne2 cxd4 8. cxd4
f6 9. exf6 Nxf6 10. O-O Bd6 11. Nf3 O-O 12. Nc3 e5 13. dxe5 Nxe5 14. Nxe5 Bxe5
15. h3 Bd7 16. Nxd5 Nxd5 17. Qh5 Nf6 18. Qxe5 Bxh3 19. Bc4+ Kh8 20. gxh3 Rc8
21. Bb3 Qd3 22. Be3 Qg6+ 23. Qg5 Qe4 24. Rac1 h6 25. Qg2 Qh4 26. Be6 Rce8 27.
Bc5 Rxe6 28. Bxf8 1-0

[Event "4NCL Division 3"]
[Site "Daventry Court ENG"]
[Date "2015.03.22"]
[Round "8.208"]
[White "Anilkumar, Anantha P (jnr)"]
[Black "Denninger, Guilhem"]
[Result "1/2-1/2"]
[WhiteElo "1968"]
[BlackElo "1759"]
[PlyCount "47"]
[EventDate "2015.03.22"]
[WhiteTeam "KJCA Knights"]
[BlackTeam "Midland Monarchs 1"]

1. d4 g6 2. c4 Bg7 3. Nc3 d6 4. e4 Nf6 5. Nge2 O-O 6. Ng3 e5 7. d5 Ne8 8. Be2
Nd7 9. h4 h6 10. h5 Kh7 11. Be3 g5 12. Nf5 Nb6 13. Nxg7 Nxg7 14. Qd2 Bd7 15. g3
f6 16. O-O-O Na4 17. Nxa4 Bxa4 18. Rdf1 Bd7 19. f4 Qe7 20. Kb1 a6 21. Rc1 b6
22. Bd3 Kg8 23. f5 Rab8 24. Rc3 1/2-1/2

[Event "4NCL Division 3"]
[Site "Daventry Court ENG"]
[Date "2015.03.22"]
[Round "8.99"]
[White "Misyura, Ilya"]
[Black "Hand, Freddie"]
[Result "0-1"]
[WhiteElo "1661"]
[BlackElo "1765"]
[PlyCount "140"]
[EventDate "2015.03.22"]

1. d4 d5 2. c4 c6 3. Nc3 Nf6 4. e3 e6 5. Nf3 Nbd7 6. Qc2 Bd6 7. Bd3 dxc4 8.
Bxc4 b5 9. Bd3 Bb7 10. O-O O-O 11. Ne4 Nxe4 12. Bxe4 Nf6 13. Bd3 h6 14. e4 Be7
15. Rd1 Rc8 16. Qe2 Nd7 17. e5 Re8 18. Qe4 Nf8 19. Qg4 Kh8 20. Be3 Qa5 21. a3
c5 22. dxc5 Bxc5 23. Bxc5 Rxc5 24. b4 Qa4 25. Qh5 Rc7 26. Nd4 a6 27. Qe2 Rec8
28. Ra2 Qxd1+ 29. Qxd1 Rc1 30. Ra1 Rxd1+ 31. Rxd1 Nd7 32. f4 Nb6 33. Nb3 Na4
34. Rc1 Rxc1+ 35. Nxc1 Bd5 36. Kf2 Kg8 37. g4 Kf8 38. Ne2 Ke7 39. Ke3 Nb2 40.
Nc3 Kd7 41. Nxd5 exd5 42. Bf5+ Kc6 43. Kd4 Nc4 44. e6 fxe6 45. Bxe6 Nb6 46. f5
Kd6 47. Bf7 Kc6 48. h4 Kd6 49. g5 hxg5 50. hxg5 Nc4 51. Bxd5 Nxa3 52. f6 gxf6
53. g6 Nc2+ 54. Ke4 f5+ 55. Kxf5 Ne3+ 56. Kf6 Nxd5+ 57. Kf7 Ne7 58. g7 Nf5 59.
g8=Q Nh6+ 60. Kf6 Nxg8+ 61. Kf5 Kd5 62. Kf4 Kc4 63. Ke4 Kxb4 64. Kd4 a5 65. Kd3
Kb3 66. Kd2 Kb2 67. Kd3 a4 68. Kd4 a3 69. Kc5 a2 70. Kxb5 a1=Q 0-1

[Event "4NCL Division 3"]
[Site "Daventry Court ENG"]
[Date "2015.03.22"]
[Round "8.99"]
[White "Smith, Patrick"]
[Black "Munshi, Aditya"]
[Result "0-1"]
[WhiteElo "1813"]
[BlackElo "1603"]
[PlyCount "96"]
[EventDate "2015.03.22"]

1. e4 e6 2. d3 d5 3. Nd2 Nf6 4. Ngf3 b6 5. c3 Bb7 6. e5 Nfd7 7. g3 c5 8. Bg2
Nc6 9. Qe2 Qc7 10. d4 cxd4 11. cxd4 Nb4 12. O-O Ba6 13. Qd1 Bxf1 14. Bxf1 Be7
15. a3 Nc6 16. Nb3 O-O 17. Bf4 Qb7 18. h4 f6 19. Bh3 f5 20. Bg5 Bxg5 21. Nxg5
Rae8 22. h5 h6 23. Nf3 Ndb8 24. Nh4 Rf7 25. Bf1 a6 26. Nc1 Nd7 27. Ne2 b5 28.
Nf4 Qa7 29. Nf3 Nf8 30. Qd2 Nd7 31. Rd1 Nb6 32. b3 Qe7 33. Qb2 Rc8 34. Nh4 Qd7
35. Bd3 Re7 36. Kh2 Qc7 37. g4 fxg4 38. Rg1 Na5 39. Ne2 Rf7 40. Rg2 Nd7 41. Kg1
Rf3 42. Qb1 Nf8 43. Rxg4 Rf7 44. f4 Qe7 45. f5 Qxa3 46. fxe6 Rfc7 47. Kh2 Qxb3
48. Nf4 Rc2+ 0-1

[Event "4NCL Division 3"]
[Site "Daventry Court ENG"]
[Date "2015.03.22"]
[Round "8.99"]
[White "Kenning, Paul H"]
[Black "Turner, John M"]
[Result "0-1"]
[WhiteElo "1847"]
[BlackElo "2027"]
[PlyCount "124"]
[EventDate "2015.03.22"]

1. e4 c5 2. Nf3 a6 3. c4 Nc6 4. d4 cxd4 5. Nxd4 Nf6 6. Nc3 e5 7. Nc2 Bc5 8. Be3
d6 9. Bxc5 dxc5 10. Qxd8+ Kxd8 11. O-O-O+ Kc7 12. Nd5+ Nxd5 13. exd5 Nd4 14.
Nxd4 exd4 15. Be2 Bd7 16. Bf3 Kd6 17. Rhe1 Rhe8 18. Rxe8 Rxe8 19. Kd2 b6 20.
Re1 Rxe1 21. Kxe1 b5 22. b3 Ke5 23. Kd2 g5 24. Be2 f5 25. h3 Be8 26. a3 h5 27.
Kd3 h4 28. g4 hxg3 29. fxg3 bxc4+ 30. bxc4 Bg6 31. Kd2 Be8 32. Bd1 Bd7 33. h4
g4 34. Bc2 a5 35. Ke2 Be8 36. Kf2 f4 37. gxf4+ Kxf4 38. Kg2 Bd7 39. Bg6 Bc8 40.
Bc2 Bd7 41. Bg6 Bc8 42. Be8 d3 43. Ba4 Bf5 44. Bd1 Be4+ 45. Kf2 g3+ 46. Kg1 Bf3
47. Ba4 Ke5 48. Be8 d2 49. Ba4 d1=Q+ 50. Bxd1 Bxd1 51. Kg2 Be2 52. Kxg3 Bxc4
53. Kf3 Bxd5+ 54. Ke3 Be4 55. h5 c4 56. h6 a4 57. Ke2 Kd4 58. Kd2 Bh7 59. Kc1
Kc3 60. Kd1 Kb3 61. Kd2 c3+ 62. Kc1 Kxa3 0-1

[Event "4NCL Division 3"]
[Site "Daventry Court ENG"]
[Date "2015.03.22"]
[Round "8.217"]
[White "Jones, Robert L"]
[Black "Bennett, Patrick"]
[Result "1/2-1/2"]
[WhiteElo "1844"]
[BlackElo "2009"]
[PlyCount "45"]
[EventDate "2015.03.22"]
[WhiteTeam "Iceni 2"]
[BlackTeam "Holmes Chapel"]

1. e4 c5 2. a3 g6 3. b4 Bg7 4. Nc3 cxb4 5. axb4 Nc6 6. b5 Nd4 7. Nf3 d6 8. Nxd4
Bxd4 9. Ra4 Bg7 10. Bb2 Nf6 11. Qa1 Be6 12. Rxa7 O-O 13. Rxa8 Qxa8 14. Qxa8
Rxa8 15. Bd3 Nd7 16. O-O Nc5 17. Rb1 Nxd3 18. cxd3 Bd7 19. Kf1 e6 20. Ke2 Ra5
21. Ra1 Bxc3 22. dxc3 Rxa1 23. Bxa1 1/2-1/2

[Event "4NCL Division 3"]
[Site "Daventry Court ENG"]
[Date "2015.03.22"]
[Round "8.99"]
[White "Neatherway, A Philip"]
[Black "Jarmany, John"]
[Result "1/2-1/2"]
[WhiteElo "1872"]
[BlackElo "2030"]
[PlyCount "79"]
[EventDate "2015.03.22"]

1. e4 c6 2. d4 d5 3. exd5 cxd5 4. Bd3 Nc6 5. c3 Nf6 6. Bf4 Bg4 7. Qb3 Qc8 8.
Nd2 e6 9. Ngf3 Be7 10. h3 Bh5 11. O-O O-O 12. Rfe1 a6 13. a4 Bg6 14. Bxg6 hxg6
15. Ne5 Nxe5 16. Bxe5 Nd7 17. Bg3 Qc6 18. Nf3 b5 19. Ne5 Nxe5 20. Bxe5 Qc4 21.
Qd1 Rfd8 22. Re3 Bd6 23. Bxd6 Rxd6 24. f4 Rb8 25. b3 Qc7 26. b4 Rc6 27. Qf3 Rc8
28. axb5 axb5 29. Ra3 Rc4 30. Qf1 Qc6 31. g4 Qb6 32. Kg2 Qd8 33. Kg3 Ra8 34.
Rxa8 Qxa8 35. f5 gxf5 36. gxf5 Qd8 37. Qf4 Qc7 38. fxe6 fxe6 39. Qxc7 Rxc7 40.
Kf4 1/2-1/2

[Event "4NCL Division 3"]
[Site "Daventry Court ENG"]
[Date "2015.03.22"]
[Round "8.99"]
[White "Cawley, Paul.F"]
[Black "Henbest, Kevin B"]
[Result "1-0"]
[WhiteElo "2024"]
[BlackElo "1662"]
[PlyCount "97"]
[EventDate "2015.03.22"]

1. d4 Nf6 2. Bf4 c5 3. e3 cxd4 4. exd4 Qb6 5. Nc3 g6 6. Rb1 d5 7. Nb5 Na6 8. a4
Bg7 9. Nf3 Bg4 10. Be2 O-O 11. O-O Nd7 12. Qd2 Rfc8 13. Rbc1 Bf5 14. Nh4 Be6
15. c3 Nf6 16. h3 Ne8 17. Nf3 Nac7 18. Nxc7 Nxc7 19. Ne5 Ne8 20. Nd3 f5 21.
Rfe1 Nf6 22. f3 Nh5 23. Bh2 Rf8 24. Bd1 Rae8 25. a5 Qc6 26. Nc5 Bc8 27. Ba4 Qf6
28. Bxe8 Rxe8 29. Nd3 Qh4 30. Qf2 Qg5 31. h4 Qh6 32. c4 g5 33. cxd5 gxh4 34. d6
Be6 35. d5 Bd7 36. Rc7 Nf6 37. Rxe7 Rxe7 38. dxe7 Bb5 39. Rc8+ Ne8 40. Bf4 Qh5
41. Ne5 h3 42. d6 h2+ 43. Kh1 Bxe5 44. Bxe5 Kf7 45. Qc5 Bf1 46. Qd5+ Kg6 47.
Qg8+ Kh6 48. Bf4+ Qg5 49. Qxg5# 1-0

[Event "4NCL Division 3"]
[Site "Daventry Court ENG"]
[Date "2015.03.22"]
[Round "8.99"]
[White "Biswas, Karl"]
[Black "Lopez, Pablo.G.J"]
[Result "0-1"]
[WhiteElo "1721"]
[BlackElo "1980"]
[PlyCount "132"]
[EventDate "2015.03.22"]

1. Nf3 Nf6 2. d4 g6 3. e3 Bg7 4. c4 O-O 5. Nc3 c5 6. d5 d6 7. Bd3 Na6 8. O-O
Nc7 9. Rb1 Rb8 10. b3 b5 11. Bb2 bxc4 12. bxc4 Nd7 13. Qc2 Ba6 14. Ne4 Rxb2 15.
Rxb2 Bxb2 16. Qxb2 Nxd5 17. Qa3 Nb4 18. Rc1 Qc8 19. Be2 Qc6 20. Nc3 Nb6 21. Nd5
N6xd5 22. cxd5 Qc8 23. Bxa6 Qxa6 24. Qxa6 Nxa6 25. Nd2 Rc8 26. Nc4 Nb4 27. e4
Nxa2 28. Ra1 Rb8 29. f3 Nc3 30. Rxa7 Rb4 31. Ne3 Rb1+ 32. Kf2 Rb2+ 33. Kf1 Re2
34. Nd1 Ra2 35. Rxa2 Nxa2 36. Ke2 Kg7 37. Nb2 Nc1+ 38. Ke3 h5 39. Nc4 Na2 40.
Kd2 g5 41. g3 f5 42. h3 g4 43. fxg4 hxg4 44. h4 fxe4 45. Ke3 Nc3 46. Nb6 Kf6
47. Kd2 Nb5 48. Nc4 Nd4 49. Ke3 Kf5 50. Kf2 Nf3 51. Ke3 Nd4 52. Kf2 Kf6 53. Ke3
Nf5+ 54. Kf4 e3 55. Nxe3 Nxe3 56. Kxe3 Ke5 57. Kd2 Kxd5 58. Kd3 Ke5 59. Kc3 d5
60. Kd3 Kf5 61. Ke3 e5 62. Kd3 e4+ 63. Kd2 d4 64. Ke2 c4 65. Kd2 e3+ 66. Ke2
Ke4 0-1

[Event "4NCL Division 3"]
[Site "Daventry Court ENG"]
[Date "2015.03.22"]
[Round "8.99"]
[White "Faulks, Nick W"]
[Black "Chan, Nevil"]
[Result "0-1"]
[WhiteElo "2067"]
[BlackElo "2020"]
[PlyCount "38"]
[EventDate "2015.03.22"]

1. e4 b6 2. c4 Bb7 3. Nc3 e6 4. d4 Bb4 5. Bd3 f5 6. d5 fxe4 7. Bxe4 Qh4 8. Qe2
Nf6 9. Bd3 O-O 10. Nf3 Qh5 11. Bd2 exd5 12. O-O-O dxc4 13. Bxc4+ Kh8 14. Nb5
Bxd2+ 15. Rxd2 Na6 16. Rhd1 d5 17. Bd3 Nc5 18. Bc2 Ba6 19. b4 Nce4 0-1

[Event "4NCL Division 3"]
[Site "Daventry Court ENG"]
[Date "2015.03.22"]
[Round "8.99"]
[White "Kreuzer, Christopher RL"]
[Black "James, Angus S"]
[Result "1-0"]
[WhiteElo "1934"]
[BlackElo "1961"]
[PlyCount "51"]
[EventDate "2015.03.22"]

1. e4 c5 2. Nf3 d6 3. d4 cxd4 4. Nxd4 Nf6 5. Nc3 a6 6. Be2 e5 7. Nb3 Be7 8. Be3
Be6 9. O-O O-O 10. Nd5 Bxd5 11. exd5 Nbd7 12. c4 b6 13. Nd2 a5 14. a4 Qc7 15.
f4 exf4 16. Rxf4 Ne5 17. Bd4 Rfe8 18. Qb3 Rab8 19. Raf1 Bd8 20. Qg3 Ng6 21.
R4f2 Qe7 22. Bd3 Nh5 23. Qg4 Nf6 24. Qf5 Nh4 25. Bxf6 Qxf6 26. Qxh7+ 1-0

[Event "4NCL Division 3"]
[Site "Daventry Court ENG"]
[Date "2015.03.22"]
[Round "8.237"]
[White "Alcock, Graham P"]
[Black "Ivanov, George"]
[Result "1-0"]
[WhiteElo "1730"]
[BlackElo "1792"]
[PlyCount "69"]
[EventDate "2015.03.22"]
[WhiteTeam "Surbiton 2"]
[BlackTeam "Cambridge University 3"]

1. e4 e5 2. Nf3 Nc6 3. Bc4 Nf6 4. Ng5 d5 5. exd5 Na5 6. Bb5+ c6 7. dxc6 bxc6 8.
Be2 h6 9. Nf3 Bd6 10. d3 O-O 11. O-O Qc7 12. Nc3 Be6 13. b3 Rad8 14. Qe1 Rfe8
15. Bd2 Nb7 16. h3 Bf5 17. Qc1 e4 18. dxe4 Nxe4 19. Nxe4 Bxe4 20. Be3 Nc5 21.
Nd2 Bg6 22. Nc4 Be5 23. Nxe5 Qxe5 24. Bf3 Qf6 25. Bxc5 Qc3 26. Be3 Rd6 27. Rd1
Red8 28. Rxd6 Rxd6 29. Rb1 a5 30. Qa3 Qxc2 31. Rc1 Qd3 32. Rd1 Qxd1+ 33. Bxd1
Rxd1+ 34. Kh2 Rd5 35. Qa4 1-0

[Event "4NCL Division 3"]
[Site "Daventry Court ENG"]
[Date "2015.03.22"]
[Round "8.99"]
[White "Breed, Greg"]
[Black "Durrant, Paul EO"]
[Result "0-1"]
[WhiteElo "1769"]
[BlackElo "1532"]
[PlyCount "70"]
[EventDate "2015.03.22"]

1. e4 c5 2. Nf3 a6 3. d4 cxd4 4. Nxd4 Nf6 5. Nc3 e5 6. Nf3 Bb4 7. Bd2 d6 8. Bd3
O-O 9. a3 Bxc3 10. Bxc3 Nc6 11. Qd2 Qc7 12. h3 Rd8 13. Qe2 b6 14. O-O-O b5 15.
g4 Rb8 16. Nh4 b4 17. axb4 Nxb4 18. Bxb4 Rxb4 19. g5 Ne8 20. Nf5 Bxf5 21. exf5
Qa5 22. b3 Rc8 23. Kb2 e4 24. Bxa6 Ra8 25. Ra1 Qxf5 26. Qd2 Rb6 27. Bc4 Rc8 28.
Qd4 Rbc6 29. Ra7 Nc7 30. Rb7 d5 31. Bb5 Nxb5 32. Rxb5 Rxc2+ 33. Ka3 Ra8+ 34.
Kb4 Qc8 35. Ra1 Qf8+ 0-1

[Event "4NCL Division 3"]
[Site "Daventry Court ENG"]
[Date "2015.03.22"]
[Round "8.239"]
[White "Mason, Ian"]
[Black "Ivanov, Elizabeth"]
[Result "1/2-1/2"]
[WhiteElo "1575"]
[BlackElo "1522"]
[PlyCount "37"]
[EventDate "2015.03.22"]
[WhiteTeam "Surbiton 2"]
[BlackTeam "Cambridge University 3"]

1. d4 d5 2. c4 c6 3. Nf3 Nf6 4. Nc3 e6 5. e3 Bd6 6. Qc2 Nbd7 7. Bd3 O-O 8. O-O
e5 9. dxe5 Nxe5 10. Nxe5 Bxe5 11. f4 Bxc3 12. Qxc3 Ng4 13. h3 Nf6 14. Bd2 dxc4
15. Qxc4 Be6 16. Qc2 h6 17. Kh2 Qd7 18. Rad1 Qc7 19. e4 1/2-1/2

[Event "4NCL Division 3"]
[Site "Daventry Court ENG"]
[Date "2015.03.22"]
[Round "8.99"]
[White "Pink, Joshua"]
[Black "Moore, Gerald"]
[Result "1/2-1/2"]
[WhiteElo "1843"]
[BlackElo "2117"]
[PlyCount "37"]
[EventDate "2015.03.22"]

1. e4 g6 2. h4 d5 3. Nc3 d4 4. Nce2 Nf6 5. Ng3 Nc6 6. h5 Bg4 7. Be2 Qd7 8. d3
O-O-O 9. Bg5 h6 10. hxg6 fxg6 11. Qd2 h5 12. Nf3 Bxf3 13. Bxf3 Bg7 14. Qe2 e5
15. Nf1 Kb8 16. Nd2 Qe6 17. Nc4 Rde8 18. Bd2 Nd7 19. b4 1/2-1/2

b8 16. Nd2 Qe6 17. Nc4 Rde8 18. Bd2 Nd7 19. b4 1/2-1/2

[Event "4NCL Division 3"]
[Site "Daventry Court ENG"]
[Date "2015.03.22"]
[Round "8.99"]
[White "Bin-Suhayl, Ieysaa"]
[Black "Goodwin, Ed H"]
[Result "1-0"]
[WhiteElo "1830"]
[BlackElo "1820"]
[PlyCount "129"]
[EventDate "2015.03.22"]

1. d4 e6 2. c4 f5 3. e4 fxe4 4. Nc3 Nf6 5. Bg5 Bb4 6. Nge2 O-O 7. Qb3 a5 8.
O-O-O Be7 9. Bxf6 Bxf6 10. Nxe4 a4 11. Qc2 a3 12. b3 Na6 13. Nxf6+ Qxf6 14. f3
b5 15. cxb5 Qg5+ 16. Kb1 Qxb5 17. Nc3 Qa5 18. d5 d6 19. Bc4 e5 20. h4 Bf5 21.
Ne4 Bxe4 22. fxe4 Rf7 23. Bxa6 Qxa6 24. Qd3 Qxd3+ 25. Rxd3 Rf2 26. Rc1 Rxg2 27.
Rc2 Rg1+ 28. Rc1 Rxc1+ 29. Kxc1 Rf8 30. b4 Rf1+ 31. Kc2 Rf4 32. Rxa3 Rxe4 33.
Rb3 Rd4 34. a4 Rxd5 35. a5 Rb5 36. a6 Rb8 37. Rc3 c5 38. bxc5 dxc5 39. Rxc5 Ra8
40. Ra5 Kf7 41. Kd3 Kf6 42. Ke4 h6 43. h5 Kg5 44. Rxe5+ Kg4 45. Ra5 Ra7 46. Kd4
Ra8 47. a7 Kh4 48. Kc4 Kg4 49. Kd4 Kh4 50. Ke4 Kg4 51. Ke3 Re8+ 52. Kd4 Ra8 53.
Ke4 Re8+ 54. Kd5 Kxh5 55. a8=Q Rxa8 56. Rxa8 g5 57. Ke4 Kg4 58. Ra1 h5 59. Rh1
h4 60. Rg1+ Kh3 61. Kf3 Kh2 62. Rxg5 h3 63. Kf2 Kh1 64. Rg1+ Kh2 65. Rg3 1-0

[Event "4NCL Division 3"]
[Site "Daventry Court ENG"]
[Date "2015.03.22"]
[Round "8.99"]
[White "Badger, Paul E R"]
[Black "McCann, John"]
[Result "1-0"]
[WhiteElo "1872"]
[BlackElo "1788"]
[PlyCount "103"]
[EventDate "2015.03.22"]

1. e4 e5 2. f4 exf4 3. Nf3 g5 4. h4 g4 5. Ne5 Nf6 6. Nxg4 Nxe4 7. Qe2 Qe7 8. d3
Ng3 9. Qxe7+ Bxe7 10. Rg1 Bxh4 11. Bxf4 Rg8 12. Nf2 d6 13. Nc3 Nxf1 14. Kxf1
Be6 15. Nb5 Kd7 16. Re1 Nc6 17. Rh1 Bg5 18. Bxg5 Rxg5 19. Nc3 Rh8 20. Nce4 Rg6
21. a3 Ke7 22. Rh2 Rhg8 23. c3 Ne5 24. Nd2 R8g7 25. d4 Ng4 26. Nxg4 Rxg4 27. d5
Rf4+ 28. Kg1 Kd7 29. dxe6+ fxe6 30. Rf1 Rxf1+ 31. Kxf1 Kc6 32. Rh4 b5 33. Rf4
d5 34. Rf6 Kd6 35. Rf8 c5 36. Nb3 Rg4 37. Rf7 d4 38. cxd4 cxd4 39. Kf2 Kd5 40.
Kf3 Re4 41. Rd7+ Ke5 42. Nd2 Re3+ 43. Kf2 Rd3 44. Nf3+ Ke4 45. Rxh7 Kd5 46.
Rh5+ Kd6 47. Rxb5 Kc6 48. Ne5+ Kxb5 49. Nxd3 Kc4 50. Ke2 Kd5 51. Nf4+ Ke5 52.
Nxe6 1-0